000 01117cam a2200349 a 4500
999 _c4172
_d4172
001 1345469
003 CaAEU
005 20220318093523.0
008 901227s1991 paua b 1 0 eng d
010 _a 90005622
020 _a0812113063
035 _aocm21162926
040 _aDNLM/DLC
_beng
_cALUPE UNIVERSITY
_dDLC
049 _aAEU
050 0 0 _aRC86.7
_b.M369 1991
060 0 _aWX 218 M3395i
082 0 0 _a616/.028
_220
090 0 _aRC 86.7 M339 1991
100 1 _aMarino, Paul L.
245 1 4 _aThe ICU book /
_cPaul L. Marino.
260 _aPhiladelphia :
_bLea & Febiger,
_c1991.
300 _axiv, 713 p. :
_bill. ;
_c24 cm.
336 _atext
_btxt
_2rdacontent
337 _aunmediated
_bn
_2rdamedia
338 _avolume
_bnc
_2rdacarrier
504 _aIncludes bibliographical references and index.
583 1 _acommitted to retain
_c20170930
_d20421231
_fHathiTrust
_uhttps://www.hathitrust.org/shared_print_program
_5AEU
_zHathiTrust Shared Print commitment 2017
650 0 _aCritical care medicine.
650 2 _aCritical Care.
650 2 _aIntensive Care Units.
942 _2lcc
_cBK
_nDO